000 00669cab a2200277 4500
001 ABS60315
008 090401t1999 xxu||||| |||| 00| 0 eng d
035 _a(Sirsi) u92330
041 _aeng
100 _aKeenan, P.
245 _aWhat went wrong?
260 _c1999
350 _a0
490 _aHousing Today
_v(125) 18 March 1999, 14-15(2)
650 _aCOUNCIL HOUSING
650 _aHOUSEHOLD PROJECTIONS
650 _aHOUSING ASSOCIATIONS
650 _aHOUSING TRENDS
650 _aNEW HOMES
650 _aRESIDENTIAL MOBILITY
650 _aSOCIAL HOUSING
690 _aHOUSING
700 _aPittard, A.
942 _n0
948 _c24/03/1999
999 _c58549
_d58549